Elements of mechanics of materials (Record no. 6452)

000 -LEADER
fixed length control field 00509nam a22001931 4500
001 - CONTROL NUMBER
control field 6452
003 - CONTROL NUMBER IDENTIFIER
control field BD-DhUET
008 - FIXED-LENGTH DATA ELEMENTS--GENERAL INFORMATION
fixed length control field 730221s1966 njua b 000 0 eng
040 ## - CATALOGING SOURCE
Original cataloging agency DLC
Transcribing agency DLC
Modifying agency BD-DhUET
082 ## - DEWEY DECIMAL CLASSIFICATION NUMBER
Classification number 620.11
Item number OLS/1966
100 1# - MAIN ENTRY--PERSONAL NAME
Personal name Olsen, Gerner A.
245 10 - TITLE STATEMENT
Title Elements of mechanics of materials
250 ## - EDITION STATEMENT
Edition statement 2nd ed.
260 ## - PUBLICATION, DISTRIBUTION, ETC. (IMPRINT)
Place of publication, distribution, etc. New Jersey
Name of publisher, distributor, etc. Prentice-Hall
Date of publication, distribution, etc. 1966
300 ## - PHYSICAL DESCRIPTION
Extent xxii, 591p.
Other physical details illus.
Dimensions 24 cm.
504 ## - BIBLIOGRAPHY, ETC. NOTE
Bibliography, etc Includes Bibliographies
650 #0 - SUBJECT ADDED ENTRY--TOPICAL TERM
Topical term or geographic name as entry element Strength of materials
942 ## - ADDED ENTRY ELEMENTS (KOHA)
Koha item type General Book
Holdings
Price effective from Koha item type Koha normalized classification for sorting Koha date last seen Withdrawn status Sublocation or collection (holding branch) Damaged status Not for loan Shelving location Source of classification or shelving scheme Lost status Copy number Koha full call number Location (home branch) Piece designation (barcode) Date acquired
2014-12-03General Book620_110000000000000_OLS_19662014-12-03 Central Library, BUET  Circulation section  1620.11/OLS/1966Central Library, BUET292192014-12-03
2015-06-16Reading Item620_110000000000000_OLS_19662015-06-16 Central Library, BUET  Reading section  1620.11/OLS/1966Central Library, BUET292132015-06-16